Informe fin de gestión /
| Yazar: | |
|---|---|
| Materyal Türü: | Kitap |
| Dil: | İspanyolca |
| Baskı/Yayın Bilgisi: |
San José, Costa Rica :
Universidad de Costa Rica. Observatorio del Desarrollo,
2009
|
| Konular: |
MARC
| LEADER | 00000nam a2200000Ia 4500 | ||
|---|---|---|---|
| 008 | 180912b2009 cr ||||| |||| 00| | spa d | ||
| 999 | |c 2373 |d 2373 | ||
| 090 | |a 19.02.08 |b 340 | ||
| 100 | 1 | |a Ulate Quirós, Anabelle |9 2680 | |
| 245 | 1 | 0 | |a Informe fin de gestión / |c Anabelle Ulate Quirós |
| 260 | |a San José, Costa Rica : |b Universidad de Costa Rica. Observatorio del Desarrollo, |c 2009 | ||
| 300 | |a ca. 200 páginas | ||
| 650 | 0 | |a INFORMES DE ACTIVIDADES |9 1465 | |
| 942 | |i 00214 |h 19.02.08 340 |2 z |c 01 | ||
